00491nam a2200181 a 4500001001300000003000900013005001700022008004100039020000800080082001800088100001700106245007000123260004100193300000900234500003500243505001400278650001700292nice12345678IN_TiNIC20260116011349.0050524s1937 luca grp 000 0 eng  ac000a297.1248bHAM aHamdani, S A aAl Muwaddatul Qurba(being a Collection of the Prophets Utterances aLucknowbGulzar-E-syedi Press c1937 a115p aincludes index and biblioraphy2 areference aHadith-Shiah